000 00731nam a2200229 a 4500
999 _c12213
_d12213
001 12213
003 BD-JhCC
005 20220213134019.0
008 180212b20072008bg a|||| ||a| 000 0 ben d
020 _a9848480099
035 _a(BD-JhCC) 12213
040 _aBD-JhCC
_dBD-JhCC
041 _aben
082 _a004
_bRAH 2008
100 _aরহমান,মাহবুবুর
245 _aমাইক্রোসফট এক্সেল /
_cমাহবুবুর রহমান
260 _aঢাকা :
_bসিসটেক পাবলিকেশন্স লিমিটেড ,
_c২০০৮.
300 _aVerious page
_c22 cm .
650 _aComputer Science
942 _2ddc
_cBK
_04